Statistics for NHL Players with Retired Numbers by Team

Click here to take the quiz!

General Stats

  • This quiz has been taken 50 times
  • The average score is 22 of 30

Answer Stats

HintLeague -
#
Answer% Correct
Number Retired League-Wide99Wayne Gretzky
100%
Edmonton9, 7, 31, 99,
3, 17, 4, 11
Glenn Anderson/Paul Coffey/Grant Fuhr/Wayne Gretzky/
Al Hamilton/Jari Kurri/Kevin Lowe/Mark Messier
85%
Los Angeles4, 23, 16,
99, 20, 18, 30
Rob Blake/Dustin Brown/Marcel Dionne/Wayne Gretzky/
Luc Robitaille/Dave Taylor/Rogatien Vachon
85%
Detroit12, 10, 9, 4,
5, 7, 1, 19
Sid Abel/Alex Delvecchio/Gordie Howe/Red Kelly/
Nicklas Lidstrom/Ted Lindsay/Terry Sawchuk/Steve Yzerman
85%
Boston77, 9, 5, 3,
16, 8, 22, 24,
4, 15, 2
Ray Bourque/Johnny Bucyk/Dit Clapper/Phil Esposito/
Lionel Hitchman/Rick Middleton/Cam Neely/Willie O'Ree/
Terry O'Reilly/Bobby Orr/Mitt Schmidt/Eddie Shore
83%
Montreal4, 3, 12, 29,
23, 5, 2, 16,
10, 5, 12, 7, 1,
16, 9, 19, 33,
18
Jean Beliveau/Emile Bouchard/Yvan Cournoyer/Ken Dryden/
Bob Gainey/Bernie Geoffrion/Doug Harvey/Elmer Lach/
Guy Lafleur/Guy Lapointe/Dickie Moore/Howie Morenz/
Jacques Plante/Henri Richard/Maurice Richard/
Larry Robinson/Patrick Roy/Serge Savard
80%
Colorado52, 21,
23, 33, 19
Ray Bourque/Adam Foote/Peter Forsberg/Milan Hejduk/
Patrick Roy/Joe Sakic
80%
Chicago7, 35, 1,
81, 9, 3, 18
Chris Chelios/Tony Esposito/Glenn Hall/Marian Hossa/
Bobby Hull/Keith Magnuson/Stan Mikita/Pierra Pilote/
Denis Savard
78%
Pittsburgh21, 66Michel Briere/Mario Lemieux
78%
Anaheim9, 27, 8Paul Kariya/Scott Niedermayer/Teemu Selanne
78%
Columbus61Rick Nash
78%
New York Rangers9, 1, 7, 9, 11, 3
2, 30, 11, 19, 35
Andy Bathgate/Eddie Giacomin/Rod Gilbert/Adam Graves/
Vic Hadfield/Harry Howell/Brian Leetch/Henrik Lundqvist/
Mark Messier/Jean Ratelle/Mike Richter
76%
Buffalo18, 39, 2, 16,
7, 30, 11, 14
Danny Gare/Dominik Hasek/Tim Horton/Pat LaFontaine/
Rick Martin/Ryan Miller/Gilbert Perreault/Rene Robert
76%
Calgary12, 34, 9,
30
Jarome Iginla/Miikka Kiprusoff/Lanny McDonald/
Mike Vernon
76%
New Jersey30, 3, 26,
27, 4
Martin Brodeur/Ken Daneyko/Patrik Elias/
Scott Niedermayer/Scott Stevens
76%
Dallas7, 8, 26,
19, 9, 56
Neal Broten/Bill Goldsworthy/Jere Lehtinen/Bill Masterton/
Mike Modano/Sergei Zubov
71%
Tampa Bay4, 26Vincent Lecavalier/Martin St. Louis
71%
Vancouver10, 16, 19,
22, 33, 12
Pavel Bure/Trevor Linden/Markus Naslund/Daniel Sedin/
Henrik Sedin/Stan Smyl
68%
Nashville35Pekka Rinne
68%
Florida1Roberto Luongo
68%
Carolina17, 10, 2Rod Brind'Amour/Ron Francis/Glen Wesley
68%
Arizona19Shane Doan
68%
Toronto10, 10, 6, 5, 1,
1, 7, 17, 9, 4,
93, 7, 4, 9, 14,
27, 21, 27, 13
Syl Apps/George Armstrong/Ace Bailey/Bill Barilko/
Johnny Bower/Turk Broda/King Clancy/Wendel Clark/
Charlie Conacher/Hap Day/Doug Gilmour/Tim Horton/
Red Kelly/Ted Kennedy/Dave Keon/Frank Mahovlich/
Borje Salming/Darryl Sittler/Mats Sundin
68%
St. Louis24, 3, 16, 2, 8,
5, 44, 11
Bernie Federko/Bob Gassoff/Brett Hull/Al MacInnis/
Barclay Plager/Bob Plager/Chris Pronger/Brian Sutter
66%
Ottawa11, 8, 25, 4Daniel Alfredsson/Frank Finnigan/Chris Neil/Chris Phillips
66%
Philadelphia4, 7, 16,
2, 88, 1
Barry Ashbee/Bill Barber/Bobby Clarke/Mark Howe/
Eric Lindros/Bernie Parent
63%
New York Islanders22, 9, 91, 23,
5, 31, 27, 19
Mike Bossy/Clark Gilles/Butch Goring/Bob Nystrom/
Denis Potvin/Billy Smith/John Tonelli/Bryan Trottier
63%
Minnesota9Mikko Koivu
61%
San Jose12Patrick Marleau
59%
Washington11, 32, 7, 5Mike Gartner/Dale Hunter/Yvon Labre/Rod Langway
44%

Score Distribution

Percentile by Number Answered

Percent of People with Each Score

Your Score History

You have not taken this quiz